Szczegóły MARC21

System zarządzania jakością a skuteczność i efektywność administracji samorządowej /

003 -Nazwa inst., której nr kontr. jest w polu 001 [,]
    • @
    • Nazwa instytucji, której n kontrolny jest w polu 001
    • NUKAT
005 -DATA I CZAS OSTATNIEJ MODYFIKACJI [,]
    • @
    • pole kontrolne
    • 20241231114727.0
020 -Międzynarod. znormalizowany nr książki - ISBN [ , ]
    • a
    • Numer ISBN
    • 9788375561555 Find
040 -Instytucja sporządzająca opis [ , ]
    • a
    • Instytucja, która sporządziła opis (NP)
    • WA 72/08MR
    • c
    • Instytucja, która sporządziła rekord (NP)
    • WA 72/08MR
    • d
    • Instytucja, która zmodyfikowała rekord (P)
    • WA 72/08AK
    • d
    • Instytucja, która zmodyfikowała rekord (P)
    • WA U/88OBs
    • d
    • Instytucja, która zmodyfikowała rekord (P)
    • WR U/PAdjm
942 -Rodzaj dokumentu [ , ]
    • c
    • Rodzaj dokumentu
    • Książka
100 -Hasło główne - nazwa osobowa [1, ]
    • a
    • Nazwa osobowa (NP)
    • Modzelewski, Piotr.
    • 9
    • KHW
    • 12535
245 -Strefa tytułu i oznaczenia odpowiedzialności [1,0]
    • a
    • Tytuł
    • System zarządzania jakością a skuteczność i efektywność administracji samorządowej / Find
    • c
    • Pozostałe elementy strefy tytułu i oznaczenia odpowiedzialności (NP)
    • Piotr Modzelewski.
260 -Strefa adresu wydawniczego [ , ]
    • a
    • Miejsce wydania (P)
    • Warszawa :
    • b
    • Nazwa wydawcy (P)
    • CeDeWu,
    • c
    • Data wydania (P)
    • 2009.
300 -Strefa opisu fizycznego [ , ]
    • a
    • Określenie formy książki i/lub objętość (NP)
    • 161 s. :
    • b
    • Oznaczenie ilustracji (NP)
    • il. ;
    • c
    • Format (NP)
    • 24 cm.
336 -Typ zawartości [ , ]
    • a
    • Termin opisujący typ zawartości
    • Tekst
    • b
    • Kod określający zawartość
    • txt
    • 2
    • Źródło (terminu i kodu)
    • rdacontent
337 -Typ mediów [ , ]
    • a
    • Tryb odtwarzania
    • Bez urządzenia pośredniczącego
    • b
    • Kod typu mediów
    • n
    • 2
    • Źródło (terminu i kodu)
    • rdamedia
338 -Typ/rodzaj nośnika [ , ]
    • a
    • Hasło opisujące typ nośnika
    • Wolumin
    • b
    • Kod typu nośnika
    • nc
    • 2
    • Źródło (terminu i kodu)
    • rdacarrier
490 -Strefa serii i książki wielotomowej - forma nie do wyszukiwania [1, ]
    • a
    • Tytuł (P)
    • Rubinum Find
830 -Hasło dodatkowe serii i opisu książki wielotomowej - tytuł ujednolicony/tytuł [ ,0]
    • a
    • Tytuł ujednolicony/tytuł (NP)
    • Rubinum
    • 9
    • KHW
    • 12281
504 -Uwaga dot. bibliogr. załącznikowej [ , ]
    • a
    • Uwaga dot. bibliografii załącznikowej
    • Bibliogr. s. 155-161.
080 -Uniwersalna Klasyfikacja Dziesiętna [ , ]
    • 2
    • Identyfikator wydania tablic
    • UDC-P058
    • 9
    • UKD
    • 2207
    • a
    • Symbol klasyfikacji
    • 005.6
    • b
    • Dopowiedzenie
    • Zarządzanie. Zarządzanie jakością. TQM.
    • 4
    • UKD2
    • 7642
    • x
    • Poddział wspólny
    • (438)
    • c
    • Dopowiedzenie poddz. wspólnego
    • (Polska).
080 -Uniwersalna Klasyfikacja Dziesiętna [ , ]
    • 2
    • Identyfikator wydania tablic
    • UDC-P058
    • 9
    • UKD
    • 2236
    • a
    • Symbol klasyfikacji
    • 006.83
    • b
    • Dopowiedzenie
    • Normy jakości.
    • 4
    • UKD2
    • 7642
    • x
    • Poddział wspólny
    • (438)
    • c
    • Dopowiedzenie poddz. wspólnego
    • (Polska).
080 -Uniwersalna Klasyfikacja Dziesiętna [ , ]
    • 2
    • Identyfikator wydania tablic
    • UDC-P058
    • 9
    • UKD
    • 3664
    • a
    • Symbol klasyfikacji
    • 352/353
    • b
    • Dopowiedzenie
    • Organy administracji pierwszego i średniego stopnia. Samorząd terytorialny. Administracja terenowa.
    • 4
    • UKD2
    • 7642
    • x
    • Poddział wspólny
    • (438)
    • c
    • Dopowiedzenie poddz. wspólnego
    • (Polska).
650 -Hasło przedmiotowe [ ,7]
    • a
    • Hasło przedmiotowe
    • Administracja lokalna
    • z
    • Określnik geograficzny
    • Polska
    • z
    • Określnik geograficzny
    • Mazowieckie, Województwo (1999- ).
    • 2
    • Źródło terminu
    • kaba
    • 9
    • KHW
    • 677653
650 -Hasło przedmiotowe [ ,7]
    • a
    • Hasło przedmiotowe
    • Administracja lokalna
    • x
    • Określnik rzeczowy
    • kontrola państwa.
    • 2
    • Źródło terminu
    • kaba
    • 9
    • KHW
    • 100525
650 -Hasło przedmiotowe [ ,7]
    • a
    • Hasło przedmiotowe
    • Jakość usług
    • x
    • Określnik rzeczowy
    • zarządzanie.
    • 2
    • Źródło terminu
    • kaba
    • 9
    • KHW
    • 360911
980 -Symbol UKD [ , ]
    • a
    • UKD
    • 005.6:006.83:352/353](438)
710 -Hasło dodatkowe - nazwa ciała zbiorowego [2, ]
    • a
    • Nazwa ciała zbiorowego lub nazwa geograficzna jako pierwszy element (NP)
    • CeDeWu.
    • 4
    • Kod relacji
    • pbl
    • 9
    • KHW
    • 51194
920 -ISBN [ , ]
    • a
    • ISBN
    • 978-83-7556-155-5 Find
Status udost. Numer inwentarzowy Sygnatura Data inwentaryzacji Lokalizacja
-2E.72503 2010-03-24BE
1SA.18491SA.184912010-04-07BSA